| 000 | 00900nam a22002297a 4500 | ||
|---|---|---|---|
| 008 | 240605b mp ||||| |||| 00| 0 mon d | ||
| 020 | _a978-99973-1-741-4 | ||
| 035 | _a25506 | ||
| 040 |
_aHE0623081 _bmon _cMN-UlNLM _dMN-UlNLM _erda |
||
| 041 | _amon | ||
| 042 | _a59348 | ||
| 084 |
_2NNA _a84(5мон)-44 _bЖ.249 |
||
| 245 | 0 | _aМонголын нууц товчоо | |
| 264 |
_aУБ. _bМонсудар хэвлэлийн газар _c2022 |
||
| 300 | _a102х. | ||
| 336 |
_2rdacontent _atext _btxt |
||
| 337 |
_2rdamedia _aunmediated _bn |
||
| 338 |
_2rdacarrier _avolume _bnc |
||
| 650 | _a"Монголын нууц товчоон "бол соёлын үнэт өв билээ . Хэдийгээр орчин үеийн хүүхэд залуус унших хэрэгтэй ч эх зохиолынх нь үг , хэл... | ||
| 942 |
_2NNA _cBK |
||
| 999 |
_c895194 _d895251 |
||